| 000 | 01644nam a2200265 a 4500 | ||
|---|---|---|---|
| 001 | 15669030 | ||
| 008 | 120712s2010 ||||||||||||||||| || u | ||
| 010 | _a2009012264 | ||
| 020 | _a9780702033742 (alk. paper) | ||
| 050 | _aQP 101 Car | ||
| 100 | _aNoble, Alan | ||
| 245 | 1 | 4 |
_aThe cardiovascular system: basic science and clinical conditions. --2nd ed. _cAlan Noble...[and others] |
| 250 | _a2nd ed. | ||
| 260 |
_aEdinburgh _bChurchill Livingstone/Elsevier _c2010 |
||
| 300 | _a183p.: ill. | ||
| 350 | _a0.00 | ||
| 490 | _aSystems of the body | ||
| 500 | _aBibliography | ||
| 505 | _aA design specification for the cardiovascular system -- Cardiac muscle structure and function -- The heart as a pump : valve function and valve disease -- Regulation of cardiac function -- Blood supply to the heart -- Heart failure -- The electrocardiogram (ECG) -- Large blood vessels -- Resistance blood vessels -- Arterial blood pressure -- Capillary function and the lymphatic system -- Fetal cardiovascular system and congenital heart disease -- Exercise and the cardiovascular system -- Haemorrhage and circulatory shock. | ||
| 650 | 0 | _aCARDIOVASCULAR--PATHOPHYSIOLOGY | |
| 650 | 3 | _aCARDIOVASCULAR DISEASES--PHYSIOPATHOLOGY | |
| 650 | 0 | _aCARDIOVASCULAR SYSTEM | |
| 995 |
_aMEDICAL LIBRARY OPEN ACCESS _e901629 _FCBU-SCHOOL OF MEDICINE LIBRARY (Ndola) _I0.00 _jQP 101 Car _M1 _UAVAILABLE _WJul 12, 2012 _y901629 _ZMedical Library Open Access Collection |
||
| 995 |
_aMICHAEL CHILUFYA SATA OPEN ACCESS _e902524 _FCBU-SCHOOL OF MEDICINE LIBRARY (Ndola) _I42.95 _jQP 101 Car _M2 _UAVAILABLE _WFeb 16, 2015 _y902524 _ZMedical Library Open Access Collection |
||
| 999 |
_c63963 _d63963 |
||